000 nam a22 7a 4500
999 _c129536
_d129536
008 190430b xxu||||| |||| 00| 0 eng d
020 _a0-89283-075-1
050 _aBV215.B617
100 _aBoulding, Maria
_95958
245 _aPrayer :
_bour journey home
_c/ by Maria Boulding
260 _aMichigan:
_bSevant Books,
_c1979.
300 _a116p. ;
_c21cm.
650 _aPrayer
_946166
942 _2lcc
_cMONOGRAPH